| 000 | 00000nas 2200000za 4500 |
| 001 | 9.503309 |
| 003 | CaOODSP |
| 005 | 20241211110717 |
| 007 | cr ||||||||||| |
| 008 | 150406c20109999xxcar pso f0 a0fre|d |
| 040 | |aCaOODSP|bfre |
| 043 | |an-cn--- |
| 086 | 1 |aTN2-1F-PDF |
| 110 | 2 |aVIA Rail Canada. |
| 245 | 10|aSommaire du Plan d'entreprise ... et des budgets d'exploitation et d'immobilisation de ... |h[ressource électronique]. |
| 246 | 13|aAperçu du Plan d'entreprise ... et budgets d'exploitation et d'immobilisation ... |
| 246 | 13|aRésumé du Plan d'entreprise ... et budgets d'exploitation et d'immobilisations de ... |
| 260 | |aOttawa : |bVIA Rail Canada, |c[2010?]- |
| 310 | |aAnnuel |
| 362 | 1 |aParaît depuis: 2010-2014? |
| 500 | |aÉgalement publié en anglais sous le titre : Summary of the ... corporate plan and ... operating and capital budgets. |
| 500 | |aCertaines livraisons comportent des états financiers. |
| 775 | 08|tSummary of the ... corporate plan and ... operating and capital budgets |w(CaOODSP)9.506913 |